México (Record no. 7694)

MARC details
000 -CABECERA
campo de control de longitud fija 00902nam a2200265 a 4500
001 - NÚMERO DE CONTROL
campo de control BRCA_8025
005 - FECHA Y HORA DE LA ÚLTIMA TRANSACCIÓN
campo de control 20190320210112.0
008 - DATOS DE LONGITUD FIJA--INFORMACIÓN GENERAL
campo de control de longitud fija 210314s1967----mx-a###f##---#001-0#spa-#
041 ## - CÓDIGO DE LENGUA
Código de lengua del texto/banda sonora o título independiente spa
044 ## - CÓDIGO DEL PAÍS DE LA ENTIDAD EDITORA/PRODUCTORA
Código MARC del país mx
050 #4 - SIGNATURA TOPOGRÁFICA DE LA BIBLIOTECA DEL CONGRESO
Número de clasificación N8050
Número de documento/Ítem .R65
-- 1967
245 10 - MENCIÓN DE TÍTULO
Título México
Resto del título angustia de sus cristos
Mención de responsabilidad, etc. fotografías de Sonia de la Rozière ; texto de Javier Moyssén ; traducción de Colin White.
260 ## - PUBLICACIÓN, DISTRIBUCIÓN, ETC.
Lugar de publicación, distribución, etc. México
Nombre del editor, distribuidor, etc. INAH
Fecha de publicación, distribución, etc. 1967
300 ## - DESCRIPCIÓN FÍSICA
Extensión XXXVIII, 123 p.
Otras características físicas il. (algunas a color), 130 láminas
Dimensiones 28 cm.
500 ## - NOTA GENERAL
Nota general 3167
546 ## - NOTA DE LENGUA/LENGUAJE
Nota de lengua/lenguaje Texto de las láminas en: español e inglés
600 14 - PUNTO DE ACCESO ADICIONAL DE MATERIA--NOMBRE DE PERSONA
Nombre de persona Jesús Cristo
Subdivisión de forma Arte
9 (RLIN) 19937
650 14 - PUNTO DE ACCESO ADICIONAL DE MATERIA--TÉRMINO DE MATERIA
Término de materia o nombre geográfico como elemento de entrada Cristos
Subdivisión de forma Arte religioso
Subdivisión geográfica México
9 (RLIN) 19938
650 14 - PUNTO DE ACCESO ADICIONAL DE MATERIA--TÉRMINO DE MATERIA
Término de materia o nombre geográfico como elemento de entrada Arte cristiano
Subdivisión de forma Catálogos
Subdivisión geográfica México
9 (RLIN) 19939
700 1# - PUNTO DE ACCESO ADICIONAL--NOMBRE DE PERSONA
Nombre de persona Rozière, Sonia de la
Término indicativo de función/relación fot.
9 (RLIN) 19940
700 1# - PUNTO DE ACCESO ADICIONAL--NOMBRE DE PERSONA
Nombre de persona Moyssén, Javier
9 (RLIN) 19941
700 1# - PUNTO DE ACCESO ADICIONAL--NOMBRE DE PERSONA
Nombre de persona Colin, White
Término indicativo de función/relación tr.
9 (RLIN) 19942
902 ## - CATALOGADOR
Iniciales GFM
942 ## - ELEMENTOS DE PUNTO DE ACCESO ADICIONAL (KOHA)
Fuente del sistema de clasificación o colocación Library of Congress Classification
Tipo de ítem Koha Libros
Holdings
Estado de retiro Estado de pérdida Estado dañado No para préstamo Localización permanente Ubicación/localización actual Fecha de adquisición Número de inventario Total de préstamos Signatura topográfica completa Código de barras Fecha visto por última vez Precio válido a partir de Tipo de ítem Koha
El ejemplar forma parte de la colección y puede ser consultado según las políticas vigentes.       Biblioteca del Museo Franz Mayer (Rogerio Casas-Alatriste) Biblioteca del Museo Franz Mayer (Rogerio Casas-Alatriste) 21/03/2014 3167   N8050 .R65 1967 (3167) 8637 22/03/2019 22/03/2019 Libros